มุมมองปกติ
มุมมองแบบ MARC
- อุดร ตันติสุนทร
รายการ Personal Name
001 - CONTROL NUMBER
- control field: 60803
003 - CONTROL NUMBER IDENTIFIER
- control field: NALT
005 - DATE AND TIME OF LATEST TRANSACTION
- control field: 20230508093810.0
008 - FIXED-LENGTH DATA ELEMENTS
- fixed length control field: 230508|| aca||aabn | a|a d
040 ## - CATALOGING SOURCE
- Original cataloging agency: NALT
100 04 - HEADING--PERSONAL NAME
- Personal name: อุดร ตันติสุนทร
- General subdivision: ชีวประวัติ
